| 000 | 00767nam a2200253Ia 4500 | ||
|---|---|---|---|
| 003 | OSt | ||
| 005 | 20220925222921.0 | ||
| 006 | a|||||r|||| 00| 0 | ||
| 007 | ta | ||
| 008 | 220923b |||||||| |||| 00| 0 eng d | ||
| 020 |
_c _59.95 |
||
| 037 |
_b9887, 13/09/2001, SBD _cGeneral Book |
||
| 040 |
_aRTL _cRTL _beng |
||
| 041 |
_2eng _aeng |
||
| 082 | _aXM5:8, P1 | ||
| 100 |
_aMilgate Michael _9288544 |
||
| 245 | 0 | _aAlliances outsourcing and the lean organization | |
| 260 |
_aLondon _bQuorum Books USA _c2001 |
||
| 300 |
_ax, 242p _ccm. |
||
| 500 | _aBibliography : P 223-35; Appendex: P 189-222 | ||
| 650 |
_aCorporate MVPs _9231840 |
||
| 942 |
_hXM5:8, P1 _cGB _2CC |
||
| 999 |
_c578124 _d578124 |
||